Diccionario de dudas y dificultades de la lengua española /

Guardado en:
Autor Principal: Seco, Manuel
Formato: Libro
Publicado: España : Aguilar, 1964
Edición:2a. ed.
Materias:
Etiquetas: Agregar Etiqueta
Sin Etiquetas, Sea el primero en etiquetar este registro!
LEADER 00652nam a22002175a 4500
001 CEM.cems005924
005 20060214000000.0
008 130507s1964##################000#0#####d
003 CEMS
082 0 4 |a C468.03 
100 1 |a Seco, Manuel 
245 1 0 |a Diccionario de dudas y dificultades de la lengua española / 
250 |a 2a. ed. 
260 |a España :  |b Aguilar,  |c 1964 
300 |a 516 p. 
653 |a Diccionario de dudas 
653 |a Diccionarios 
653 |a Español-diccionario 
653 |a Linguistica 
859 |a CEMS  |b BIB. CEMS - 11 de abril  |h C468.03  |i Se24  |p 185.73  |t Ej.1 
859 |a CEMS  |b BIB. CEMS - 11 de abril  |h C468.03  |i Se24  |p 186.73  |t Ej.2